000 00912nam a22003017a 4500
001 BR8403554
003 BR-BrBNA
005 20230928091954.0
007 ta
008 230509b bl.||||| |||| 00| 0 por d
040 _aBR-BrBNA
_bpor
_cBiblioteca Nacional de Agricultura
041 _a(Por)
072 _aE10
_b/G514
090 _ E10 BR8403554
100 1 _aFearnside, P.M.
110 1 _aInstituto Nacional de Pesquisas da Amazonia, Manaus, AM (Brasil)
245 1 _aAlternativas de desenvolvimento da amazonia brasileira: uma avaliacao ecologica
260 3 _aManaus, AM (Brasil):
_c1984.
300 _a46 p.
500 _aBibliography p. 32-42 (101 ref.); Summaries (Eng, Por)
650 _aPLANEJAMENTO AGRICOLA
650 _aUSO DA TERRA
650 _aEXPLORACAO AGRICOLA
650 _aEXTRACAO DA MADEIRA
650 _aAMAZONIA
909 _a202309
_bLucia
_c55
_dLucia Elande
942 _cBK
999 _c36480
_d36480